Bangladesh : Staff Report for the 2003 Article IV Consultation and Request for a Three-Year Arrangement Under the Poverty Reduction and Growth Facility.

Bangladesh achieved steady gross domestic product growth with manageable inflation, and improved social indicators, owing to prudent macroeconomic management and a renewal of structural reform. The proposed Poverty Reduction and Growth Facility-supported program builds on this record of policy imple...

Disgrifiad llawn

Manylion Llyfryddiaeth
Awdur Corfforaethol: International Monetary Fund
Fformat: Cylchgrawn
Iaith:English
Cyhoeddwyd: Washington, D.C. : International Monetary Fund, 2003.
Cyfres:IMF Staff Country Reports; Country Report ; No. 2003/205
Mynediad Ar-lein:Full text available on IMF
LEADER 01773cas a2200241 a 4500
001 AALejournalIMF002554
008 230101c9999 xx r poo 0 0eng d
020 |c 5.00 USD 
020 |z 9781451804140 
022 |a 1934-7685 
040 |a BD-DhAAL  |c BD-DhAAL 
110 2 |a International Monetary Fund. 
245 1 0 |a Bangladesh :   |b Staff Report for the 2003 Article IV Consultation and Request for a Three-Year Arrangement Under the Poverty Reduction and Growth Facility. 
264 1 |a Washington, D.C. :  |b International Monetary Fund,  |c 2003. 
300 |a 1 online resource (109 pages) 
490 1 |a IMF Staff Country Reports 
500 |a <strong>Off-Campus Access:</strong> No User ID or Password Required 
500 |a <strong>On-Campus Access:</strong> No User ID or Password Required 
506 |a Electronic access restricted to authorized BRAC University faculty, staff and students 
520 3 |a Bangladesh achieved steady gross domestic product growth with manageable inflation, and improved social indicators, owing to prudent macroeconomic management and a renewal of structural reform. The proposed Poverty Reduction and Growth Facility-supported program builds on this record of policy implementation. Fiscal reform should be centered on a sustained revenue effort and investments in infrastructure and human capital. The government has been commended for the flexible management of the exchange rate. Executive Directors consider the proposed policy program to be comprehensive and realistic for achieving the objectives. 
538 |a Mode of access: Internet 
830 0 |a IMF Staff Country Reports; Country Report ;  |v No. 2003/205 
856 4 0 |z Full text available on IMF  |u http://elibrary.imf.org/view/journals/002/2003/205/002.2003.issue-205-en.xml  |z IMF e-Library